Eddie Murphy Movies Quiz Stats

 Plays Quiz Updated Dec 31, 2020

     
Support Sporcle.
Go Orange.
Score 0/39 Timer 06:00
1 Play Today
Year Movie Title % Correct
1984Beverly Hills Cop
81.2%
1987Beverly Hills Cop II
78.3%
1996The Nutty Professor
76.9%
2001Shrek
76.1%
2004Shrek 2
74.8%
2007Shrek the Third
73.9%
1994Beverly Hills Cop III
73.6%
1988Coming to America
71%
2000Nutty Professor II: The Klumps
70.2%
1998Dr. Dolittle
61.3%
1983Trading Places
55.9%
2001Dr. Dolittle 2
53.3%
2007Norbit
52.1%
198248 HRS.
51.2%
2003Daddy Day Care
46.9%
1990Another 48 Hours
45%
2010Shrek Forever After
43.3%
2008Meet Dave
36.9%
1998Mulan
35.4%
1986The Golden Child
35.2%
Year Movie Title % Correct
2002The Adventures of Pluto Nash
33.2%
2006Dreamgirls
33.1%
2019Dolemite is My Name
32.3%
1999Bowfinger
31.9%
2003The Haunted Mansion
31.3%
1992Boomerang
28.9%
1989Harlem Nights
25.2%
1999Life
24%
1995Vampire in Brooklyn
23.7%
2012A Thousand Words
23.4%
2002I Spy
20.9%
1997Metro
20.5%
2002Showtime
17.8%
2016Mr. Church
17%
1992The Distinguished Gentleman
16.8%
1998Holy Man
16%
2011Tower Heist
12.5%
2009Imagine That
11.8%
1984Best Defense
10.6%

From the Vault

Pieces of Maps (Canada)

by AuroraIllumina

It's not quite a piece of cake.
Remove Ads.
Support Sporcle.
Get the best of Sporcle when you Go Orange. This ad-free experience offers more features, more stats, and more fun while also helping to support Sporcle. Thank you for becoming a member.

Show Comments

Extras

Top Quizzes Today


Score Distribution

Your Account Isn't Verified!

In order to create a playlist on Sporcle, you need to verify the email address you used during registration. Go to your Sporcle Settings to finish the process.

Report this User

Report this user for behavior that violates our Community Guidelines.

Details: